Discusiones XII. Comunidad, perdón y justicia / 1, 2013 :
Guardado en:
| Otros Autores: | , |
|---|---|
| Formato: | Seriadas |
| Idioma: | Spanish |
| Publicado: |
Bahía Blanca.
edi UNS,
2013 ;
|
| Materias: | |
| Etiquetas: |
Agregar Etiqueta
Sin Etiquetas, Sea el primero en etiquetar este registro!
|
| LEADER | 00546nas a22001695a 4500 | ||
|---|---|---|---|
| 001 | DER.der013607 | ||
| 005 | 20181227113535.0 | ||
| 008 | 180615s2013####ag#||#|||||||||###||spa|| | ||
| 022 | |a 15157326 | ||
| 100 | 1 | |a Bouvier, Hernán G. |4 drt | |
| 222 | 0 | |a Discusiones | |
| 245 | 1 | 0 | |a Discusiones XII. |n 1, 2013 : |b Comunidad, perdón y justicia / |c dirigido por Hernán G. Bouvier. |
| 260 | |b edi UNS, |c 2013 ; |a Bahía Blanca. | ||
| 300 | |a 199 p. | ||
| 653 | |a FILOSOFIA DEL DERECHO | ||
| 700 | 1 | |a Torres, Sebastián. |4 edt | |
| 859 | |a DERECHO |b BIB. DERECHO |h 340 |i DIS |p 008635 | ||
